[Event "Titled Tuesday intern op 13th Apr"]
[Site "Chess.com INT"]
[Date "2021.04.13"]
[Round "10"]
[White "Sarana, Alexey"]
[Black "Zhigalko, Sergei"]
[Result "0-1"]
[WhiteElo "2649"]
[BlackElo "2572"]
[PlyCount "122"]
[EventDate "2021.04.13"]
[EventType "swiss (blitz)"]
[EventRounds "11"]
[EventCountry "USA"]
[SourceTitle "CBM 201 Extra"]
[Source "ChessBase"]
[SourceDate "2021.05.30"]
[SourceVersion "1"]
[SourceVersionDate "2021.05.30"]
[SourceQuality "1"]

1. e4 c5 2. Nf3 Nc6 3. d4 cxd4 4. Nxd4 Nf6 5. Nc3 e5 6. Ndb5 d6 7. Bg5 a6 8. Na3 b5 9. Bxf6 gxf6 10. Nd5 Bg7 11. c3 f5 12. Bd3 Be6 13. O-O Bxd5 14. exd5 Ne7 15. Qh5 e4 16. Be2 O-O 17. Nc2 Re8 18. g3 Nxd5 19. Qxf5 Re5 20. Qh3 Rg5 21. Qh4 Qe7 22. Rad1 Re8 23. Rfe1 h6 24. Bf1 Nf6 25. Ne3 Qe5 26. c4 Rh5 27. Qf4 Qxb2 28. cxb5 axb5 29. Rxd6 Rc5 30. Nf5 Qe5 31. Nxh6+ Kf8 32. Be2 Qxf4 33. gxf4 Ke7 34. Nxf7 Kxf7 35. Rb1 Rb8 36. Rb4 Rc1+ 37. Kg2 Bf8 38. Rxf6+ Kxf6 39. Rxe4 Rc2 40. a3 Bxa3 41. h4 Bc5 42. h5 b4 43. f5 b3 44. Bd3 Rxf2+ 45. Kg3 b2 46. Re6+ Kf7 47. Rc6 b1=Q 48. Bxb1 Rxb1 49. Rxc5 Rbf1 50. Kg4 Rg2+ 51. Kh3 Rg5 52. Kh2 Rfxf5 53. Rc7+ Kg8 54. h6 Rh5+ 55. Kg3 Rhg5+ 56. Kh4 Rg1 57. Rc2 Rf6 58. Kh5 Rf5+ 59. Kh4 Kh7 60. Rh2 Rf6 61. Kh5 Rxh6# 0-1

[Event "Titled Tuesday intern op 13th Apr"]
[Site "Chess.com INT"]
[Date "2021.04.13"]
[Round "11"]
[White "Dubov, Daniil"]
[Black "Zhigalko, Sergei"]
[Result "0-1"]
[WhiteElo "2710"]
[BlackElo "2572"]
[PlyCount "82"]
[EventDate "2021.04.13"]
[EventType "swiss (blitz)"]
[EventRounds "11"]
[EventCountry "USA"]
[SourceTitle "CBM 201 Extra"]
[Source "ChessBase"]
[SourceDate "2021.05.30"]
[SourceVersion "1"]
[SourceVersionDate "2021.05.30"]
[SourceQuality "1"]

1. e4 c5 2. Nf3 Nc6 3. d4 cxd4 4. Nxd4 Nf6 5. Nc3 e5 6. Ndb5 d6 7. Bg5 a6 8. Na3 b5 9. Nd5 Be7 10. Bxf6 Bxf6 11. c3 Bg5 12. Nc2 Ne7 13. a4 bxa4 14. Ncb4 O-O 15. Bc4 a5 16. Nxe7+ Qxe7 17. Nd5 Qb7 18. Qxa4 Bd7 19. Qc2 Kh8 20. O-O f5 21. exf5 Bxf5 22. Qe2 Be6 23. Nb6 Qxb6 24. Bxe6 Rab8 25. Ra2 Rf6 26. Bd5 Rbf8 27. b3 Rxf2 28. Rxf2 Rxf2 29. Qxf2 Be3 30. b4 Bxf2+ 31. Rxf2 axb4 32. cxb4 g6 33. g3 Qd4 34. Bc6 Qxb4 35. Kg2 Qc4 36. Bb7 e4 37. Rf4 d5 38. Rf8+ Kg7 39. Rd8 Qe2+ 40. Kh3 Qf1+ 41. Kh4 Qf6+ 0-1

[Event "Titled Tuesday intern op 11th May"]
[Site "Chess.com INT"]
[Date "2021.05.11"]
[Round "7"]
[White "Zhigalko, Sergei"]
[Black "Ioannidis, Evgenios"]
[Result "1-0"]
[WhiteElo "2572"]
[BlackElo "2411"]
[PlyCount "65"]
[EventDate "2021.05.11"]
[EventType "swiss (blitz)"]
[EventRounds "11"]
[EventCountry "USA"]
[SourceTitle "CBM 202 Extra"]
[Source "ChessBase"]
[SourceDate "2021.07.31"]
[SourceVersion "1"]
[SourceVersionDate "2021.06.30"]
[SourceQuality "1"]

1. e4 c5 2. Nf3 d6 3. d4 cxd4 4. Qxd4 Nc6 5. Bb5 Bd7 6. Bxc6 Bxc6 7. Nc3 Nf6 8. Bg5 e6 9. O-O-O Be7 10. Rhe1 Qa5 11. Kb1 h6 12. Bh4 O-O 13. Qd2 Qh5 14. h3 Rfd8 15. g4 Qg6 16. Qe3 Rac8 17. g5 Nh5 18. Rg1 hxg5 19. Bxg5 Bxg5 20. Rxg5 Qh6 21. Rdg1 Kf8 22. Nd4 Bd7 23. f4 g6 24. Qf2 e5 25. fxe5 dxe5 26. Rxg6 Qh7 27. Nf3 Nf4 28. Rg8+ Ke7 29. Rxd8 Rxd8 30. Nxe5 Nxh3 31. Qc5+ Ke8 32. Nd5 Qh4 33. Nc7# 1-0

[Event "Titled Tuesday intern op 18th May"]
[Site "Chess.com INT"]
[Date "2021.05.18"]
[Round "2"]
[White "Zhigalko, Sergei"]
[Black "Krassilnikov, Evgeni"]
[Result "1-0"]
[WhiteElo "2572"]
[BlackElo "2381"]
[PlyCount "49"]
[EventDate "2021.05.18"]
[EventType "swiss (blitz)"]
[EventRounds "11"]
[EventCountry "USA"]
[SourceTitle "CBM 202 Extra"]
[Source "ChessBase"]
[SourceDate "2021.07.31"]
[SourceVersion "1"]
[SourceVersionDate "2021.06.30"]
[SourceQuality "1"]

1. e4 c6 2. d4 d5 3. e5 Bf5 4. Nf3 e6 5. Be2 Ne7 6. O-O c5 7. dxc5 Nec6 8. Be3 Nd7 9. c4 dxc4 10. Na3 Ndxe5 11. Nxe5 Nxe5 12. Nxc4 Qxd1 13. Rfxd1 Nc6 14. Bf3 Be7 15. b4 a6 16. a4 O-O 17. b5 axb5 18. axb5 Rxa1 19. Rxa1 Bf6 20. bxc6 Bxa1 21. cxb7 Bd3 22. c6 Bxc4 23. c7 Be5 24. c8=Q Ba6 25. Qc6 1-0

[Event "Titled Tuesday intern op 18th May"]
[Site "Chess.com INT"]
[Date "2021.05.18"]
[Round "4"]
[White "Bordi, Kevin Claude"]
[Black "Zhigalko, Sergei"]
[Result "0-1"]
[WhiteElo "2288"]
[BlackElo "2572"]
[PlyCount "94"]
[EventDate "2021.05.18"]
[EventType "swiss (blitz)"]
[EventRounds "11"]
[EventCountry "USA"]
[SourceTitle "CBM 202 Extra"]
[Source "ChessBase"]
[SourceDate "2021.07.31"]
[SourceVersion "1"]
[SourceVersionDate "2021.06.30"]
[SourceQuality "1"]

1. d4 Nf6 2. Bg5 e6 3. Nd2 h6 4. Bh4 c5 5. e3 b6 6. Ngf3 Bb7 7. c3 Be7 8. Bd3 d6 9. O-O Nbd7 10. a4 a6 11. Qe2 O-O 12. e4 Nh5 13. Bxe7 Qxe7 14. Qe3 e5 15. dxe5 dxe5 16. Rfd1 Rfd8 17. Bc4 Nf4 18. g3 Ne6 19. Bd5 Nf6 20. Bxb7 Qxb7 21. Nxe5 Ng5 22. f3 Re8 23. Nec4 Rad8 24. h4 Ne6 25. a5 b5 26. Nb6 Qc7 27. Kg2 c4 28. Nf1 Nc5 29. Rd2 Rxd2+ 30. Qxd2 Nb3 31. Qe1 Nxa1 32. Qxa1 Rd8 33. Qe1 Qc5 34. Qe2 Rd3 35. f4 Qc6 36. Nd2 h5 37. Kf2 Ng4+ 38. Kg2 Re3 39. Qd1 Rxc3 40. Nd5 Ne3+ 41. Nxe3 Rxe3 42. Qxh5 Rd3 43. Qe2 b4 44. Kh3 Rd4 45. e5 Qd7+ 46. f5 Rxd2 47. Qxc4 Qxf5+ 0-1

[Event "Titled Tuesday intern op 18th May"]
[Site "Chess.com INT"]
[Date "2021.05.18"]
[Round "9"]
[White "Dvirnyy, Danyyil"]
[Black "Zhigalko, Sergei"]
[Result "1-0"]
[WhiteElo "2480"]
[BlackElo "2572"]
[PlyCount "135"]
[EventDate "2021.05.18"]
[EventType "swiss (blitz)"]
[EventRounds "11"]
[EventCountry "USA"]
[SourceTitle "CBM 202 Extra"]
[Source "ChessBase"]
[SourceDate "2021.07.31"]
[SourceVersion "1"]
[SourceVersionDate "2021.06.30"]
[SourceQuality "1"]

1. e4 c5 2. Nf3 Nc6 3. Nc3 Nf6 4. Bb5 Qc7 5. O-O Nd4 6. Re1 a6 7. Bf1 Ng4 8. e5 h5 9. Nd5 Qc6 10. Nxd4 cxd4 11. Nb4 Qc7 12. Nd5 Qc6 13. Nf4 g6 14. c3 Qc5 15. Qa4 Bh6 16. Nd3 Qa7 17. h3 dxc3 18. dxc3 Bxc1 19. Raxc1 Nh6 20. Nf4 b5 21. Qb4 Bb7 22. Rcd1 Qb6 23. Bd3 Rc8 24. a4 Qc5 25. Qb3 Bc6 26. axb5 axb5 27. Be4 Bxe4 28. Rxe4 Nf5 29. Rd5 Qc6 30. Qxb5 O-O 31. Qxc6 dxc6 32. Rd7 Rfd8 33. Rxd8+ Rxd8 34. Rc4 Rd1+ 35. Kh2 Rd2 36. Kg1 Rd1+ 37. Kh2 Rd2 38. e6 Rxf2 39. exf7+ Kxf7 40. Kg1 Rc2 41. Rxc6 g5 42. Nd3 Ne3 43. Ne5+ Kg7 44. Rg6+ Kh7 45. Rxg5 h4 46. b4 Rxc3 47. Ng4 Rc1+ 48. Kf2 Nc4 49. Rh5+ Kg6 50. Rxh4 Rc2+ 51. Kf3 Rc3+ 52. Ke4 Nd2+ 53. Kd5 Rd3+ 54. Ke6 Kg7 55. Ne5 Re3 56. Rg4+ Kh6 57. Kf5 e6+ 58. Kf6 Ne4+ 59. Kxe6 Ng5+ 60. Kf5 Nh7 61. Nf7+ Kh5 62. Rf4 Re7 63. g4+ Kh4 64. Ne5 Re8 65. Ng6+ Kxh3 66. g5 Kg3 67. Rg4+ Kf3 68. Rc4 1-0

[Event "Titled Tuesday intern op 18th May"]
[Site "Chess.com INT"]
[Date "2021.05.18"]
[Round "10"]
[White "Zhigalko, Sergei"]
[Black "Potapova, Margarita"]
[Result "1-0"]
[WhiteElo "2572"]
[BlackElo "2252"]
[PlyCount "45"]
[EventDate "2021.05.18"]
[EventType "swiss (blitz)"]
[EventRounds "11"]
[EventCountry "USA"]
[SourceTitle "CBM 202 Extra"]
[Source "ChessBase"]
[SourceDate "2021.07.31"]
[SourceVersion "1"]
[SourceVersionDate "2021.06.30"]
[SourceQuality "1"]

1. e4 c5 2. Nf3 d6 3. d4 cxd4 4. Qxd4 Nc6 5. Bb5 Bd7 6. Bxc6 Bxc6 7. Nc3 Nf6 8. Bg5 e6 9. O-O-O Be7 10. Rhe1 O-O 11. Kb1 Qc7 12. Qd2 Rfd8 13. Nd4 b5 14. f3 b4 15. Nce2 a5 16. g4 Bb7 17. Ng3 Qc5 18. h4 h6 19. Be3 Qc7 20. g5 hxg5 21. hxg5 Nd7 22. Rh1 Ne5 23. Qh2 1-0

[Event "Titled Tuesday intern op 18th May"]
[Site "Chess.com INT"]
[Date "2021.05.18"]
[Round "11"]
[White "Morefield, Jason P"]
[Black "Zhigalko, Sergei"]
[Result "1/2-1/2"]
[WhiteElo "2227"]
[BlackElo "2572"]
[PlyCount "164"]
[EventDate "2021.05.18"]
[EventType "swiss (blitz)"]
[EventRounds "11"]
[EventCountry "USA"]
[SourceTitle "CBM 202 Extra"]
[Source "ChessBase"]
[SourceDate "2021.07.31"]
[SourceVersion "1"]
[SourceVersionDate "2021.06.30"]
[SourceQuality "1"]

1. d4 Nf6 2. c4 e6 3. Nf3 b6 4. g3 Ba6 5. b3 Bb4+ 6. Bd2 Be7 7. Bg2 c6 8. O-O d5 9. Nc3 Nbd7 10. cxd5 cxd5 11. a3 O-O 12. Bf4 Rc8 13. Qd2 Ne4 14. Nxe4 dxe4 15. Ng5 Bxg5 16. Bxg5 f6 17. Bf4 f5 18. Bd6 Re8 19. Rfc1 Nf6 20. Rxc8 Qxc8 21. Rc1 Qd7 22. Be5 Nd5 23. a4 Rc8 24. Rxc8+ Qxc8 25. h4 h6 26. g4 Nc3 27. Bf1 fxg4 28. Qe3 Qc6 29. Kh2 b5 30. axb5 Bxb5 31. Bg2 a6 32. d5 Nxd5 33. Qxe4 Qd7 34. Qxg4 Qf7 35. Bf3 Ne7 36. h5 Nf5 37. Kg2 Qe7 38. Be4 Qf7 39. e3 Qd7 40. Qg6 Bc6 41. Bxc6 Qxc6+ 42. Kh2 Qd7 43. Qg4 Qf7 44. Qg6 Qe7 45. Bf4 Qh4+ 46. Kg2 Qe7 47. Qg4 Qf7 48. Kh2 Qf6 49. e4 Nd4 50. Kg3 e5 51. Be3 Ne6 52. Qf5 Qe7 53. Qxe5 Qf7 54. Qf5 Qe7 55. f3 Qd6+ 56. Bf4 Qe7 57. Be5 Ng5 58. Bd4 Ne6 59. Qd5 Kh7 60. Be3 Kh8 61. Qf5 Qd6+ 62. e5 Qe7 63. Qe4 Qf7 64. f4 Qxh5 65. f5 Ng5 66. Qg4 Qe8 67. Bxg5 hxg5 68. Qe4 Qb8 69. Qd5 Qb4 70. Qd8+ Kh7 71. Qxg5 Qxb3+ 72. Kh4 Qc4+ 73. Qg4 Qxg4+ 74. Kxg4 a5 75. e6 Kg8 76. Kf4 a4 77. Ke5 Kf8 78. Kd4 Ke7 79. Kc4 g6 80. fxg6 Kxe6 81. Kb4 Kf6 82. Kxa4 Kxg6 1/2-1/2

[Event "Titled Tuesday intern op 01st June"]
[Site "Chess.com INT"]
[Date "2021.06.01"]
[Round "9"]
[White "Zhigalko, Sergei"]
[Black "Girsh, Daniel"]
[Result "1-0"]
[WhiteElo "2572"]
[BlackElo "1919"]
[PlyCount "33"]
[EventDate "2021.06.01"]
[EventType "swiss (blitz)"]
[EventRounds "11"]
[EventCountry "USA"]
[SourceTitle "CBM 202 Extra"]
[Source "ChessBase"]
[SourceDate "2021.07.31"]
[SourceVersion "1"]
[SourceVersionDate "2021.06.30"]
[SourceQuality "1"]

1. e4 c5 2. Nf3 d6 3. d4 cxd4 4. Qxd4 Nc6 5. Bb5 Bd7 6. Bxc6 Bxc6 7. Nc3 e5 8. Qd3 h6 9. Nd2 Nf6 10. Nc4 Be7 11. Ne3 O-O 12. Nf5 Nh5 13. Qf3 Nf4 14. Bxf4 exf4 15. Qxf4 Qb6 16. Nxe7+ Kh8 17. O-O-O 1-0

[Event "Titled Tuesday intern op 08th June"]
[Site "Chess.com INT"]
[Date "2021.06.08"]
[Round "2"]
[White "Zhigalko, Sergei"]
[Black "Selbes, Tarik"]
[Result "1-0"]
[WhiteElo "2572"]
[BlackElo "2235"]
[PlyCount "21"]
[EventDate "2021.06.08"]
[EventType "swiss (blitz)"]
[EventRounds "11"]
[EventCountry "USA"]
[SourceTitle "CBM 202 Extra"]
[Source "ChessBase"]
[SourceDate "2021.07.31"]
[SourceVersion "1"]
[SourceVersionDate "2021.06.30"]
[SourceQuality "1"]

1. e4 c6 2. d4 d5 3. e5 c5 4. Nf3 Nc6 5. dxc5 Bg4 6. c3 e6 7. Be3 Nge7 8. Bb5 Nf5 9. Bxc6+ bxc6 10. Qa4 Qc7 11. Qxg4 1-0

[Event "Titled Tuesday intern op 08th June"]
[Site "Chess.com INT"]
[Date "2021.06.08"]
[Round "4"]
[White "Zhigalko, Sergei"]
[Black "Titus, Andrew L"]
[Result "1-0"]
[WhiteElo "2572"]
[BlackElo "2154"]
[PlyCount "79"]
[EventDate "2021.06.08"]
[EventType "swiss (blitz)"]
[EventRounds "11"]
[EventCountry "USA"]
[SourceTitle "CBM 202 Extra"]
[Source "ChessBase"]
[SourceDate "2021.07.31"]
[SourceVersion "1"]
[SourceVersionDate "2021.06.30"]
[SourceQuality "1"]

1. e4 c5 2. Nf3 d6 3. d4 cxd4 4. Qxd4 a6 5. Bc4 Nc6 6. Qd3 e6 7. Nc3 b5 8. Bb3 Nf6 9. Bf4 Qc7 10. O-O-O Ne5 11. Nxe5 dxe5 12. Bxe5 Qb6 13. Bd4 Qc7 14. e5 Nd7 15. Ne4 Bb7 16. Rhe1 Be7 17. Nd6+ Bxd6 18. exd6 Qxd6 19. Qe3 Qc6 20. Bxg7 Rg8 21. Bd5 Qxd5 22. Rxd5 Bxd5 23. Qg5 Nb6 24. b3 Kd7 25. Qf6 Rae8 26. Qxf7+ Kc6 27. Be5 Nd7 28. Bg3 Rgf8 29. Qxh7 Bxg2 30. Qd3 e5 31. Rd1 Rf6 32. Qxd7+ Kb6 33. Qxe8 Rc6 34. Qxe5 Ka5 35. Kb2 Kb4 36. a3+ Ka5 37. Qc7+ Rb6 38. b4+ Ka4 39. Qxb6 Bc6 40. Qa5# 1-0

[Event "Titled Tuesday intern op 08th June"]
[Site "Chess.com INT"]
[Date "2021.06.08"]
[Round "6"]
[White "Zhigalko, Sergei"]
[Black "Kretov, Evgenij"]
[Result "0-1"]
[WhiteElo "2572"]
[BlackElo "2269"]
[PlyCount "72"]
[EventDate "2021.06.08"]
[EventType "swiss (blitz)"]
[EventRounds "11"]
[EventCountry "USA"]
[SourceTitle "CBM 202 Extra"]
[Source "ChessBase"]
[SourceDate "2021.07.31"]
[SourceVersion "1"]
[SourceVersionDate "2021.06.30"]
[SourceQuality "1"]

1. e4 c5 2. Nf3 Nc6 3. c3 Nf6 4. e5 Nd5 5. Bc4 e6 6. d4 cxd4 7. cxd4 d6 8. O-O Be7 9. Bd2 O-O 10. Nc3 Nxc3 11. Bxc3 dxe5 12. dxe5 b6 13. Qe2 Bb7 14. a3 Rc8 15. Bd3 Qc7 16. h4 Rfd8 17. h5 Na5 18. Nd4 Rxd4 19. Bxd4 Nb3 20. Bxh7+ Kh8 21. Rad1 Nxd4 22. Rxd4 Kxh7 23. Qd3+ Kh8 24. Rd1 Qc6 25. Qg3 Kh7 26. Rd7 Rc7 27. R7d4 Qc2 28. Rd7 Bf8 29. Rxc7 Qxc7 30. Qd3+ Kg8 31. Qd7 Qc2 32. Rd3 Bc5 33. Rd2 Qb1+ 34. Kh2 Qe4 35. Qe8+ Kh7 36. g3 Qh1# 0-1

[Event "Titled Tuesday intern op 08th June"]
[Site "Chess.com INT"]
[Date "2021.06.08"]
[Round "9"]
[White "Mezentsev, Ivan"]
[Black "Zhigalko, Sergei"]
[Result "0-1"]
[WhiteElo "2354"]
[BlackElo "2572"]
[PlyCount "84"]
[EventDate "2021.06.08"]
[EventType "swiss (blitz)"]
[EventRounds "11"]
[EventCountry "USA"]
[SourceTitle "CBM 202 Extra"]
[Source "ChessBase"]
[SourceDate "2021.07.31"]
[SourceVersion "1"]
[SourceVersionDate "2021.06.30"]
[SourceQuality "1"]

1. e4 c5 2. Nc3 Nc6 3. g3 g6 4. Bg2 Bg7 5. Nge2 e6 6. d3 Nge7 7. O-O O-O 8. Bg5 h6 9. Be3 Nd4 10. Qd2 Kh7 11. Nd1 d5 12. c3 Nxe2+ 13. Qxe2 b6 14. f4 Ba6 15. e5 Rc8 16. Bf2 Qd7 17. g4 Qb5 18. Bh4 g5 19. fxg5 Ng6 20. gxh6 Bxe5 21. Be7 Qxd3 22. Qxd3 Bxd3 23. Bxf8 Bxf1 24. Bxf1 Rxf8 25. Nf2 Kxh6 26. Nd3 Bd6 27. Be2 c4 28. Ne1 Nf4 29. Bf3 f5 30. gxf5 Rxf5 31. Rd1 Bc5+ 32. Kf1 Nd3 33. Ke2 Nxb2 34. Rd2 Na4 35. Rc2 Re5+ 36. Kd1 Re3 37. Bxd5 exd5 38. Nd3 cxd3 39. Rg2 Nxc3+ 40. Kd2 Ne4+ 41. Kc1 Ba3+ 42. Kd1 Bb4 0-1

[Event "Titled Tuesday intern op 15th June"]
[Site "Chess.com INT"]
[Date "2021.06.15"]
[Round "2"]
[White "Gelman, Alexander"]
[Black "Zhigalko, Sergei"]
[Result "0-1"]
[WhiteElo "2403"]
[BlackElo "2572"]
[PlyCount "56"]
[EventDate "2021.06.15"]
[EventType "swiss (blitz)"]
[EventRounds "11"]
[EventCountry "USA"]
[SourceTitle "CBM 203 Extra"]
[Source "ChessBase"]
[SourceDate "2021.09.30"]
[SourceVersion "1"]
[SourceVersionDate "2021.09.30"]
[SourceQuality "1"]

1. d4 Nf6 2. Nc3 d5 3. Bf4 a6 4. e3 e6 5. g4 Bb4 6. Bg2 O-O 7. g5 Ne4 8. Bxe4 dxe4 9. Nge2 b5 10. a3 Bxc3+ 11. Nxc3 Bb7 12. Qg4 Nd7 13. h4 Qe7 14. Qg3 e5 15. dxe5 Nc5 16. e6 Nxe6 17. Be5 Rfe8 18. O-O-O b4 19. axb4 Qxb4 20. h5 Rab8 21. g6 fxg6 22. hxg6 h6 23. Rh5 Bc6 24. b3 Qa3+ 25. Kb1 Nc5 26. Bxg7 Nxb3 27. cxb3 Qxb3+ 28. Kc1 Qb2# 0-1

[Event "Titled Tuesday intern op 22nd June"]
[Site "Chess.com INT"]
[Date "2021.06.22"]
[Round "3"]
[White "Tronenkovs, Valdis"]
[Black "Zhigalko, Sergei"]
[Result "0-1"]
[WhiteElo "2265"]
[BlackElo "2572"]
[PlyCount "60"]
[EventDate "2021.06.22"]
[EventType "swiss (blitz)"]
[EventRounds "11"]
[EventCountry "USA"]
[SourceTitle "CBM 203 Extra"]
[Source "ChessBase"]
[SourceDate "2021.09.30"]
[SourceVersion "1"]
[SourceVersionDate "2021.09.30"]
[SourceQuality "1"]

1. e4 c5 2. Ne2 Nc6 3. Nbc3 Nf6 4. d4 cxd4 5. Nxd4 e5 6. Ndb5 d6 7. Nd5 Nxd5 8. exd5 Nb8 9. c4 Be7 10. c5 O-O 11. Bd3 a6 12. Nxd6 Bxd6 13. cxd6 Qxd6 14. O-O Nd7 15. Qc2 h6 16. Rd1 Nf6 17. Be3 Bg4 18. Bc5 Bxd1 19. Rxd1 Qc7 20. Bxf8 Qxc2 21. Bxc2 Kxf8 22. Re1 Rc8 23. Bf5 Rc5 24. d6 Rd5 25. f3 g6 26. Bc8 Rxd6 27. Bxb7 Rb6 28. Be4 Rxb2 29. a4 Ke7 30. Bd3 Kd6 0-1

[Event "Titled Tuesday intern op 22nd June"]
[Site "Chess.com INT"]
[Date "2021.06.22"]
[Round "4"]
[White "Zhigalko, Sergei"]
[Black "Khumalo, Keith"]
[Result "1-0"]
[WhiteElo "2572"]
[BlackElo "2117"]
[PlyCount "31"]
[EventDate "2021.06.22"]
[EventType "swiss (blitz)"]
[EventRounds "11"]
[EventCountry "USA"]
[SourceTitle "CBM 203 Extra"]
[Source "ChessBase"]
[SourceDate "2021.09.30"]
[SourceVersion "1"]
[SourceVersionDate "2021.09.30"]
[SourceQuality "1"]

1. e4 e6 2. d4 d5 3. e5 c5 4. c3 Nc6 5. Nf3 Bd7 6. Be2 Qc7 7. O-O f6 8. Bf4 O-O-O 9. Bg3 f5 10. c4 dxc4 11. Na3 cxd4 12. Nxc4 Kb8 13. Rc1 h6 14. Nxd4 g5 15. Nb5 Qc8 16. Ncd6 1-0

[Event "Titled Tuesday intern op 22nd June"]
[Site "Chess.com INT"]
[Date "2021.06.22"]
[Round "7"]
[White "Zhigalko, Sergei"]
[Black "Kovalev, Denis"]
[Result "1/2-1/2"]
[WhiteElo "2572"]
[BlackElo "2487"]
[PlyCount "154"]
[EventDate "2021.06.22"]
[EventType "swiss (blitz)"]
[EventRounds "11"]
[EventCountry "USA"]
[SourceTitle "CBM 203 Extra"]
[Source "ChessBase"]
[SourceDate "2021.09.30"]
[SourceVersion "1"]
[SourceVersionDate "2021.09.30"]
[SourceQuality "1"]

1. e4 c6 2. d4 d5 3. e5 c5 4. Nf3 Nc6 5. dxc5 Bg4 6. c3 e6 7. Be3 Bxf3 8. Qxf3 Nxe5 9. Bb5+ Nc6 10. O-O Nf6 11. c4 Be7 12. Nc3 O-O 13. cxd5 exd5 14. Rad1 a6 15. Ba4 Qa5 16. Bb3 Bxc5 17. Nxd5 Bxe3 18. Nxf6+ gxf6 19. fxe3 Qg5 20. Qxf6 Qxe3+ 21. Kh1 Qe7 22. Qxe7 Nxe7 23. Rd7 Nc6 24. Rfxf7 Rxf7 25. Rxf7 Nd4 26. Rxb7+ Nxb3 27. Rxb3 Rc8 28. h3 a5 29. Rb7 a4 30. Kh2 Rc2 31. a3 Rd2 32. Kg3 h6 33. Rb4 Kg7 34. Kf3 Kg6 35. h4 Kh5 36. Rb5+ Kg6 37. g4 Rd3+ 38. Ke4 Rd2 39. h5+ Kf6 40. Ke3 Rg2 41. Rb6+ Kg5 42. Rg6+ Kh4 43. Rxh6 Rxb2 44. Rg6 Rb3+ 45. Kd4 Rxa3 46. h6 Rh3 47. g5 Kg4 48. Rg8 a3 49. g6 a2 50. h7 Ra3 51. Kd5 a1=Q 52. h8=Q Qxh8 53. Rxh8 Ra5+ 54. Ke6 Ra6+ 55. Kf7 Ra7+ 56. Kf6 Ra6+ 57. Kf7 Ra7+ 58. Kg8 Kg5 59. Rh7 Ra8+ 60. Kg7 Ra7+ 61. Kf8 Ra8+ 62. Kf7 Ra7+ 63. Ke6 Ra6+ 64. Ke5 Rxg6 65. Rh1 Rh6 66. Rg1+ Kh4 67. Kf5 Ra6 68. Rh1+ Kg3 69. Rb1 Ra5+ 70. Ke4 Ra4+ 71. Kd3 Ra3+ 72. Kc4 Ra4+ 73. Kb5 Re4 74. Rb3+ Kf4 75. Kc5 Re5+ 76. Kc4 Re3 77. Rxe3 Kxe3 1/2-1/2

[Event "Titled Tuesday intern op 22nd June"]
[Site "Chess.com INT"]
[Date "2021.06.22"]
[Round "8"]
[White "Real de Azua, Ernesto"]
[Black "Zhigalko, Sergei"]
[Result "0-1"]
[WhiteElo "2440"]
[BlackElo "2572"]
[PlyCount "82"]
[EventDate "2021.06.22"]
[EventType "swiss (blitz)"]
[EventRounds "11"]
[EventCountry "USA"]
[SourceTitle "CBM 203 Extra"]
[Source "ChessBase"]
[SourceDate "2021.09.30"]
[SourceVersion "1"]
[SourceVersionDate "2021.09.30"]
[SourceQuality "1"]

1. e4 c5 2. Nf3 Nc6 3. Bb5 Nf6 4. Bxc6 dxc6 5. Nc3 Bg4 6. h3 Bh5 7. d3 Qc7 8. Be3 Nd7 9. g4 Bg6 10. Qd2 e6 11. Bf4 e5 12. Be3 Be7 13. Ne2 Nf8 14. Ng3 Ne6 15. Nf5 f6 16. Rg1 O-O-O 17. Qc3 Nd4 18. Bxd4 cxd4 19. Nxe7+ Qxe7 20. Qa5 Kb8 21. O-O-O Bf7 22. Kb1 c5 23. Nd2 Rd6 24. Nb3 Rc8 25. c4 dxc3 26. Qxc3 Qd8 27. Rd2 c4 28. dxc4 Rxc4 29. Qe3 Rxe4 30. Rxd6 Qxd6 31. Qc3 Rc4 32. Qe3 Bg6+ 33. Ka1 Qd3 34. Qxd3 Bxd3 35. a3 Rc2 36. f3 Rf2 37. Rg3 Rf1+ 38. Ka2 Bb1+ 39. Ka1 Be4+ 40. Ka2 Rxf3 41. Rg1 Bd5 0-1

[Event "Titled Tuesday intern op 10th Aug"]
[Site "Chess.com INT"]
[Date "2021.08.10"]
[Round "8"]
[White "Zhigalko, Sergei"]
[Black "Djordjevic, Vuk D"]
[Result "1-0"]
[WhiteElo "2572"]
[BlackElo "2350"]
[PlyCount "89"]
[EventDate "2021.08.10"]
[EventType "swiss (blitz)"]
[EventRounds "11"]
[EventCountry "USA"]
[SourceTitle "CBM 203 Extra"]
[Source "ChessBase"]
[SourceDate "2021.09.30"]
[SourceVersion "1"]
[SourceVersionDate "2021.09.30"]
[SourceQuality "1"]

1. e4 e6 2. d4 d5 3. e5 c5 4. c3 Nc6 5. Nf3 Qb6 6. a3 Nh6 7. b4 cxd4 8. cxd4 Nf5 9. Be3 Be7 10. Bd3 Bd7 11. O-O Rc8 12. Qe1 O-O 13. Nc3 Nxb4 14. Bxf5 exf5 15. axb4 Be6 16. Bd2 a6 17. Na4 Qb5 18. Nc5 b6 19. Nxe6 fxe6 20. Qb1 Rc4 21. Qa2 Ra8 22. Rfb1 h6 23. h4 Kh7 24. Qa4 Qxa4 25. Rxa4 a5 26. h5 Bd8 27. Ra2 a4 28. b5 Be7 29. Kf1 a3 30. Ke2 Raa4 31. Kd3 Kg8 32. Bc3 Kf7 33. Nd2 Rc8 34. Rb3 g6 35. hxg6+ Kxg6 36. Nb1 Rca8 37. Bd2 h5 38. Nc3 R4a7 39. g3 h4 40. gxh4 Bxh4 41. Bc1 Be7 42. Nb1 Rh8 43. Ke2 Rh1 44. Bxa3 Rxb1 45. Rxb1 1-0

[Event "Titled Tuesday intern op 10th Aug"]
[Site "Chess.com INT"]
[Date "2021.08.10"]
[Round "10"]
[White "Zhigalko, Sergei"]
[Black "Gutenev, Alexander"]
[Result "1-0"]
[WhiteElo "2572"]
[BlackElo "2430"]
[PlyCount "69"]
[EventDate "2021.08.10"]
[EventType "swiss (blitz)"]
[EventRounds "11"]
[EventCountry "USA"]
[SourceTitle "CBM 203 Extra"]
[Source "ChessBase"]
[SourceDate "2021.09.30"]
[SourceVersion "1"]
[SourceVersionDate "2021.09.30"]
[SourceQuality "1"]

1. e4 c5 2. Nf3 Nc6 3. c3 Nf6 4. e5 Nd5 5. Bc4 Nb6 6. Bb3 c4 7. Bc2 d6 8. exd6 Qxd6 9. O-O Bg4 10. Re1 Qf6 11. Be4 O-O-O 12. h3 Bxf3 13. Bxf3 Ne5 14. Be4 e6 15. d4 cxd3 16. Be3 Nec4 17. Nd2 Nxe3 18. Rxe3 Bc5 19. Rf3 Qe7 20. b4 Bd6 21. a4 f5 22. Bxd3 Nd5 23. Bc4 Bc7 24. Qb3 Kb8 25. Re1 Qd6 26. Nf1 Rhe8 27. Rd3 Qc6 28. Bb5 Qb6 29. Bxe8 Nf4 30. Rxd8+ Bxd8 31. Qc4 Bc7 32. Bd7 Qd6 33. Bxe6 Nd3 34. Re3 Ne5 35. Qd5 1-0